Business essentials / (Record no. 152)

000 -LEADER
fixed length control field 00950nam a2200301 a 4500
003 - CONTROL NUMBER IDENTIFIER
control field ALUPE UNIVERSITY
005 - DATE AND TIME OF LATEST TRANSACTION
control field 20210604083550.0
008 - FIXED-LENGTH DATA ELEMENTS--GENERAL INFORMATION
fixed length control field 500101s1995 enk 000 0 eng d
020 ## - INTERNATIONAL STANDARD BOOK NUMBER
International Standard Book Number 9780555003039
040 ## - CATALOGING SOURCE
Transcribing agency DLC
049 ## - LOCAL HOLDINGS (OCLC)
Holding library CU
Local processing data b
050 ## - LIBRARY OF CONGRESS CALL NUMBER
Classification number HD70
Item number .E22 2008
092 ## - LOCALLY ASSIGNED DEWEY CALL NUMBER (OCLC)
Classification number D0502196371
100 1# - MAIN ENTRY--PERSONAL NAME
Personal name Ebert, Ronald J.
245 10 - TITLE STATEMENT
Title Business essentials /
Statement of responsibility, etc. Ronald J. Ebert, Ricky W. Griffin
260 ## - PUBLICATION, DISTRIBUTION, ETC.
Place of publication, distribution, etc. London :
Name of publisher, distributor, etc. Prentice-Hall International,
Date of publication, distribution, etc. c1995
300 ## - PHYSICAL DESCRIPTION
Extent xxvi, 547 p. :
Other physical details ill. ;
Dimensions 27 cm
500 ## - GENERAL NOTE
General note "Prentice-Hall International Editions"
504 ## - BIBLIOGRAPHY, ETC. NOTE
Bibliography, etc. note Includes bibliographical references and index
650 #0 - SUBJECT ADDED ENTRY--TOPICAL TERM
Topical term or geographic name entry element Business enterprises
Geographic subdivision United States
650 #0 - SUBJECT ADDED ENTRY--TOPICAL TERM
Topical term or geographic name entry element Industrial management
Geographic subdivision United States
700 1# - ADDED ENTRY--PERSONAL NAME
Personal name Griffin, Ricky W.
942 ## - ADDED ENTRY ELEMENTS (KOHA)
Source of classification or shelving scheme
Koha item type Book
Suppress in OPAC JO
Holdings
Withdrawn status Lost status Source of classification or shelving scheme Damaged status Not for loan Permanent Location Current Location Shelving location Date acquired Total Checkouts Full call number Barcode Date last seen Price effective from Koha item type Public note
          AU LIBRARY AU LIBRARY Open Shelf 04.06.2021   HD70 .E22 2008 28000775 04.06.2021 04.06.2021 Book JO

Powered by Koha